Judicial mind in Sri Lanka : (Record no. 3888)
[ view plain ]
| 000 -LEADER | |
|---|---|
| fixed length control field | 00750nam a22002297a 4500 |
| 003 - CONTROL NUMBER IDENTIFIER | |
| control field | LK-CoMWRAF |
| 005 - DATE AND TIME OF LATEST TRANSACTION | |
| control field | 20231213134623.0 |
| 008 - FIXED-LENGTH DATA ELEMENTS--GENERAL INFORMATION | |
| fixed length control field | 231016b2014 |||||||| |||| 00| 0 eng d |
| 020 ## - INTERNATIONAL STANDARD BOOK NUMBER | |
| International Standard Book Number | 9789551302597 |
| 040 ## - CATALOGING SOURCE | |
| Original cataloging agency | LK-CoMWRAF |
| Modifying agency | LK-CoMWRAF |
| Description conventions | LK-CoMWRAF |
| 041 ## - LANGUAGE CODE | |
| Language code of text/sound track or separate title | English |
| 082 ## - DEWEY DECIMAL CLASSIFICATION NUMBER | |
| Classification number | 342.549 |
| Item number | GUN |
| 942 ## - ADDED ENTRY ELEMENTS (KOHA) | |
| Koha item type | Books |
| 100 ## - MAIN ENTRY--PERSONAL NAME | |
| Personal name | Guneratne, Jayantha de Almeida |
| 700 ## - ADDED ENTRY--PERSONAL NAME | |
| Personal name | Pinto-Jayawardena, Kishali |
| 700 ## - ADDED ENTRY--PERSONAL NAME | |
| Personal name | Gunatilleke, Gehan |
| 245 ## - TITLE STATEMENT | |
| Title | Judicial mind in Sri Lanka : |
| Remainder of title | responding to the protection of minority rights |
| 260 ## - PUBLICATION, DISTRIBUTION, ETC. (IMPRINT) | |
| Place of publication, distribution, etc. | Colombo: |
| Name of publisher, distributor, etc. | Law and Society Trust, |
| Date of publication, distribution, etc. | 2014 |
| 300 ## - PHYSICAL DESCRIPTION | |
| Extent | 298 p. 21cm |
| Other physical details | Bibliography included |
| 650 ## - SUBJECT ADDED ENTRY--TOPICAL TERM | |
| Topical term or geographic name as entry element | MINORITIES-Legal status, laws -Sri Lanka |
| 650 ## - SUBJECT ADDED ENTRY--TOPICAL TERM | |
| Topical term or geographic name as entry element | Minorities-Civil rights-Sri Lanka. |
| Withdrawn status | Lost status | Damaged status | Not for loan | Permanent Location | Current Location | Date acquired | Full call number | Barcode | Koha item type |
|---|---|---|---|---|---|---|---|---|---|
| Resource center, Muslim Women's Research And Action Forum | Resource center, Muslim Women's Research And Action Forum | 2023-10-16 | 342.549 GUN | RAF1765 | Books |

